|
|
|
|
| LEADER |
00000nam a22000007a 4500 |
| 005 |
20190813230715.0 |
| 007 |
cr|||| |||| |
| 008 |
190813s2019 co |||||s|||| 00||0 spa d |
| 020 |
|
|
|a 9789585456518
|
| 035 |
|
|
|a 24061
|
| 040 |
|
|
|a vLex
|
| 090 |
|
|
|c 9177
|d 9177
|
| 100 |
1 |
|
|a Flr̤ez-Acero, Germǹ Daro̕
|
| 245 |
1 |
0 |
|a Consumo, propiedad intelectual y competencia
|h [Recurso electrn̤ico] :
|b tensiones con el derecho comercial /
|c Germǹ Daro̕ Flr̤ez-Acero, Clara Carolina Cardozo Roa
|
| 256 |
|
|
|a Servicio en ln̕ea
|
| 260 |
|
|
|a Bogot:̀
|b Universidad Catl̤ica de Colombia,
|c 2019
|
| 300 |
|
|
|a 1 recurso electrn̤ico
|
| 500 |
|
|
|a En los l︢timos aǫs, el derecho comercial se ha visto modificado por el desarrollo del derecho del consumo, de la propiedad intelectual y de la competencia. Estos tres bloques normativos tienen una incidencia especial en el funcionamiento de los diferentes mercados y su regulacin̤ se desprende directamente de la Constitucin̤ Polt̕ica. Este texto abarca los profundos cambios que el derecho del consumo, el derecho de la competencia y la propiedad intelectual han tenido sobre el derecho mercantil. Es palmario que la fisionoma̕ del derecho comercial con su teora̕ cls̀ica del acto accesorio y mixto de comercio ha cambiado y se ha visto limitada por el derecho del consumo. Este derecho del consumo tambiň tiene unas interacciones muy relevantes para la propiedad intelectual, en especial el derecho de autor y el derecho marcario, ya que las llamadas industrias creativas o industrias del entretenimiento, que son la base de la economa̕ naranja, traen como consecuencia el desarrollo de mercados gigantes de consumo de productos y servicios relacionados con estas industrias, y en consecuencia las normas de propiedad intelectual deben ir enmarcadas en los principios del derecho del consumo. Por l︢timo, este libro de investigacin̤ abarca el anl̀isis del derecho de la competencia frente a los derechos subjetivos que son garantizados en el ordenamiento jurd̕ico, ya sea en favor de sujetos individuales o colectivos y que pueden exigirse frente al Estado o frente a otros particulares.
|
| 506 |
1 |
|
|a Disponible solo en los productos indicados
|d vLex Global
|d vLex Global (Academic Edition, excluding Law Schools)
|d vLex Global (U.S. Academic Edition, Law Schools)
|d vLex Global (U.S. Academic Edition, excluding Law Schools)
|d vLex Global (Academic Edition, Law Schools)
|
| 650 |
0 |
4 |
|a Propiedad Intelectual
|z Colombia
|
| 650 |
0 |
4 |
|a Comercio
|z Colombia
|
| 700 |
1 |
|
|a Cardozo Roa, Clara Carolina
|
| 740 |
0 |
|
|a vLex Libros (Servicio en ln̕ea)
|
| 856 |
4 |
0 |
|u http://vlex.com/source/consumo-propiedad-intelectual-y-competencia-tensiones-con-el-derecho-comercial-24061
|z Acceso restringido
|
| 942 |
|
|
|c BOOK
|
| 999 |
0 |
|
|a Intellectual Property
|
| 999 |
0 |
|
|a Commerce
|